000 00682nam a22002297a 4500
003 UA-OsUOA
001 22051
007 ta
008 20031216b un ||||| |||| 00| 0 ukr d
100 _aОсаволюк С.
090 _a336
_bО-72
942 _cSA
040 _aUA-OsUOA
_bukr
_cUA-OsUOA
_dUA-OsUOA
245 _aЧинники впливу глобалізації на стабільність міжнародного фінансового ринку
300 _aС.15-19
955 _a0
041 _aukr
080 _a336
044 _aUA
773 0 _w0
_tЕкономіка України
_dК.
_d2003
_g№12
650 7 _aМіжнародні фінанси
_2UDC
999 _c308264
_d308264